Top 10 Best: NBA - Statistics

General Stats
  • This quiz has been taken 34 times
  • The average score is 71 of 100
Answer Stats
Answer % Correct
James Harden
97%
Kevin Durant
97%
LeBron James
97%
MIchael Jordan
97%
Michael Jordan
97%
Kobe Bryant
93%
Stephen Curry
93%
Allen Iverson
90%
Tim Duncan
90%
Kyrie Irving
86%
Magic Johnson
86%
Chris Paul
83%
Damian Lillard
83%
Klay Thompson
83%
Nikola Jokic
83%
Ray Allen
83%
Russell Westbrook
83%
Shai Gilgeous-Alexander
83%
Carmelo Anthony
79%
Ja Morant
79%
Julius Erving
79%
Kareem Abdul-Jabbar
79%
Kawhi Leonard
79%
Vince Carter
79%
Bill Russell
76%
Dennis Rodman
76%
Dwight Howard
76%
Hakeem Olajuwon
76%
Reggie Miller
76%
Tracy McGrady
76%
Danny Green
72%
DeMar DeRozan
72%
Dirk Nowitzki
72%
Draymond Green
72%
Scottie Pippen
72%
Wilt Chamberlain
72%
Anthony Edwards
69%
Devin Booker
69%
Dominique Wilkins
69%
Dwyane Wade
69%
Isiah Thomas
69%
Jamal Murray
69%
Jimmy Butler
69%
Kevin Garnett
69%
Paul George
69%
Steve Nash
69%
Tyrese Haliburton
69%
Blake Griffin
66%
Jason Kidd
66%
Moses Malone
66%
Kyle Korver
62%
Ben Wallace
59%
Derrick Rose
59%
Dikembe Mutombo
59%
Gary Payton
59%
George Gervin
59%
Jason Williams
59%
Oscar Robertson
59%
Paul Pierce
59%
Rajon Rondo
55%
Tim Hardaway
52%
JJ Redick
48%
Jamal Crawford
41%
Shaun Livingston
38%
Baron Davis
31%
Pete Maravich
31%
Shane Battier
31%
Trevor Ariza
31%
Kentavious Caldwell-Pope
24%
Robert Horry
21%
Alex Caruso
17%
Mikal Bridges
17%
Andrew Nembhard
14%
Bruce Bowen
14%
Derrick White
14%
Michael Cooper
14%
No matching quizzes found
Score Distribution
Percent of People with Each Score
Percentile by Number Answered
Your Score History
You have not taken this quiz